Heartbroken : [a novel] /

"Long after anyone expected Kate to do anything with her life, she did. Using the journals left behind by her aunt and grandmother, she wrote a novel based on a very real, generation-old love story that ended in tragedy. On the other side of town, Emily is about to set fire to her life. She...

Full description

Bibliographic Details
Main Author: Unger, Lisa, 1970-
Corporate Authors: Random House Audio Publishing, Books on Tape, Inc
Other Authors: Carlin, Amanda
Format: CD Audio Book
Language:English
Published: New York, N.Y. : Random House Audio/Books on Tape, [2012]
Edition:Unabridged.
Subjects:

MARC

Tag First Indicator Second Indicator Subfields
LEADER 00000cim a2200000Ia 4500
001 in00002780188
005 20150922103436.0
007 sd fungnnmmneu
008 120228s2012 nyunnnn f n eng d
020 |a 9780307990389 (library ed.) 
020 |a 0307990389 (library ed.) 
028 0 2 |a RHA 3647  |b Random House Audio/Books on Tape 
035 |a (OCoLC)ocn779258287 
040 |a BTCTA  |b eng  |c BTCTA  |d BDX  |d TEFBT  |d TEF  |d TEFBT  |d WIM  |d IHI  |d TXA  |d UtOrBLW 
043 |a n-us-ny 
049 |a TXAM 
050 4 |a PS3621.N486  |b H43 2012b 
082 0 4 |a 813/.6  |2 23 
100 1 |a Unger, Lisa,  |d 1970- 
245 1 0 |a Heartbroken :  |b [a novel] /  |c Lisa Unger. 
250 |a Unabridged. 
264 1 |a New York, N.Y. :  |b Random House Audio/Books on Tape,  |c [2012] 
264 4 |c ℗2012 
300 |a 11 sound discs (13 hr., 23 min.) :  |b digital ;  |c 4 3/4 in. 
336 |a spoken word  |b spw  |2 rdacontent 
337 |a audio  |b s  |2 rdamedia 
338 |a audio disc  |b sd  |2 rdacarrier 
500 |a Subtitle from container. 
511 0 |a Read by Amanda Carlin. 
500 |a Compact discs. 
520 |a "Long after anyone expected Kate to do anything with her life, she did. Using the journals left behind by her aunt and grandmother, she wrote a novel based on a very real, generation-old love story that ended in tragedy. On the other side of town, Emily is about to set fire to her life. She's in a dead-end job and is involved with the wrong man; she can feel herself being drawn into darkness with horrific consequences. Without knowing each other, and with lives that couldn't be more different, they both head to the same point on the map: Heart Island, an idyllic place in the middle of a lake in the Adirondacks, owned for generations by Birdie Burke's family. The harsh and unyielding Birdie is at one with this island, which has a terrifying history all its own. She, too, has consequences to face"--Container. 
500 |a Sound recording. 
650 0 |a Women  |z New York (State)  |z Adirondack Mountains  |v Fiction. 
650 0 |a Women  |v Fiction. 
651 0 |a Adirondack Mountains (N.Y.)  |v Fiction. 
655 7 |a Suspense fiction.  |2 gsafd 
655 7 |a Audiobooks.  |2 lcgft 
700 1 |a Carlin, Amanda. 
710 2 |a Random House Audio Publishing. 
710 2 |a Books on Tape, Inc. 
948 |a cataloged  |b h  |c 2012/7/6  |d c  |e ceaton  |f 1:39:10 pm 
994 |a C0  |b TXA 
999 |a MARS 
999 f f |s 54d05c0e-5c96-3ebd-8195-c77ceef11048  |i 0ad0081f-520b-3c2b-a95c-d2a56e16177f  |t 0 
952 f f |p ric  |a Texas A&M University  |b Rellis Campus  |c Joint Library Facility  |d Remote Storage  |t 0  |e PS3621.N486 H43 2012b  |h Library of Congress classification  |i audio -- audio disc  |m A14841431518 
998 f f |a PS3621.N486 H43 2012b  |t 0  |l Remote Storage